000
00284nam a2200109Ia 4500
008
190902s9999||||xx |||||||||||||| ||und||
100
_a
Vas,Gratian
245
4
_a
The Sterling book of Business Letters
260
_a
new delhi
_b
A sterling paperback
_c
1996
300
_a
173p.:
942
_c
BK
999
_c
2811
_d
2811